00397nam a22001337a 4500003000500000038001600005082001000021100001600031245010700047260003700154300001800191500001500209600003900224NUST aMr. Zahoor  a621.3 aAisha Qamar aScenario Based Robert Control Design for Uninterruptible Power Supplies and DC-DC Buck Converter / aIslamabad :bCEME - NUST,c2016. aill, 52 p. ; aHardcover. 2Electrical Engineering - MS Thesis